| 000 | 00664nam a2200205Ia 4500 | ||
|---|---|---|---|
| 003 | GCL | ||
| 005 | 20240530101908.0 | ||
| 008 | 140319s9999 xx 000 0 ara d | ||
| 040 |
_aGCL / _cGCL |
||
| 082 | 0 | 4 |
_a214.6 _bع خ |
| 100 | 1 | _aعبدالفتاح محمد طيره | |
| 245 | 1 | 0 |
_aخلق الانسان : _bدراسة علمية قرآنية / _cعبدالفتاح محمد طيره |
| 260 |
_a[S.N] : _bالهيئة المصرية العامة للكتاب ، _c1988 |
||
| 650 | 0 | 4 | _aالطب |
| 650 | 0 | 4 | _aالانسان |
| 650 | 0 | 4 | _aالاسلام والعلم |
| 650 | 0 | 4 | _aالاسلام والطب |
| 650 | 0 | 4 | _aالخلق |
| 942 |
_2ddc _cBK |
||
| 999 |
_c28525 _d28525 |
||